000 00599cam a22002051 4500
001 agr28000908
003 DLC
005 20260227110948.0
008 850610s1928 gw 000 0 ger c
010 _aagr28000908
035 _a(OCoLC)12139650
040 _aLibrary, U.S. Dept. of Agriculture
_cKyU
_dKyU
_dDLC
042 _apremarc
050 0 0 _aHF1041
_b.R45
100 1 _aReichwein, Adolf,
_d1898-1944.
245 1 4 _aDie Rohstoffwirtschaft der Erde,
_cvon Dr. Adolf Reichwein ...
260 _aJena,
_bG. Fischer,
_c1928.
300 _axi, 639, [1] p.
_c25 cm.
650 0 _aCommercial products.
999 _c9189
_d9189